| 000 | 01525nam0a2200373 i 4500 | ||
|---|---|---|---|
| 001 | RU\NLR\BIBL_A\011144526 | ||
| 005 | 20241213204655.0 | ||
| 010 | _a978-5-93646-278-8 | ||
| 021 |
_aRU _b2016-40525 _92595 |
||
| 035 | _a(NILC)RuMoRGB-008491542 | ||
| 035 | _a(NLR Aleph) 011144526 | ||
| 090 |
_a11637036 _c11637036 |
||
| 100 | _a20160601d2016 u y0rusy50 ca | ||
| 101 | 0 | _arus | |
| 102 | _aRU | ||
| 105 | _aa z 001yy | ||
| 200 | 1 |
_aКазачья война 1812 г. (июнь, Мир) _fС. В. Корягин |
|
| 210 |
_aМосква _cДревлехранилище _d2016 |
||
| 215 |
_a256 с. _cил. _d20 _e1 электрон. опт. диск (CD-ROM) |
||
| 225 | 1 |
_aГенеалогия и семейная история Донского казачества _vвып. 118 |
|
| 300 | _aНа обл. авт. не указан | ||
| 320 | _aИмен. указ.: с. 235-243 | ||
| 606 | 1 |
_aДонское казачество _xИстория _z19 в. _92317602 _3RU\NLR\AUTH\661386676 |
|
| 606 | 1 |
_aОтечественная война _xИстория _z1812 _91814942 _3RU\NLR\AUTH\66819174 |
|
| 675 | _a94(47) | ||
| 686 | 1 | _aТ3(2)0-294 | |
| 686 | 1 | _aЦ35(2)471.6 | |
| 686 | 1 | _aТ3(2)471-686.1 | |
| 700 | 1 |
_7ca _8rus _aКорягин _bС. В. _cканд. техн. наук _cисторик казачества _gСергей Викторович _9154033 _3RU\NLR\AUTH\770154071 |
|
| 801 | 0 |
_aRU _bРГБ _c20160519 _gRCR |
|
| 942 | _cBOOK | ||
| 980 | _aNBR | ||